Państwa, które produkują najwięcej kawy - Statystyki

Ogólne statystyki
  • Ten quiz został rozwiązany 10 433 razy
  • Średni wynik to 11 z 22
Statystyki odpowiedzi
Tony
metryczne
Kraj % Poprawnych
3,920,000 Brazylia
95%
342,000 Indie
80%
858,000 Kolumbia
79%
240,000 Meksyk
72%
228,000 Peru
71%
30,000 Wenezuela
69%
744,000 Indonezja
63%
30,000 Ekwador
60%
1,740,000 Wietnam
51%
30,000 Tajlandia
50%
443,000 Etiopia
47%
46,500 Kenia
47%
36,000 Laos
39%
87,000 Kostaryka
36%
54,000 Tanzania
35%
225,000 Gwatemala
34%
366,000 Honduras
34%
159,000 Nikaragua
32%
36,000 Salwador
30%
337,000 Uganda
26%
40,500 Papua-Nowa Gwinea
21%
107,000 Wybrzeże Kości Słoniowej
18%
Nie znaleziono quizów pasujących do podanych kryteriów
Rozkład punktacji
Procent ludzi z każdym wynikiem
Percentyl według liczby udzielonych odpowiedzi
Twoja historia wyników
Nie rozwiązałeś tego quizu